Vacuum physics and techniques (Record no. 14669)
[ view plain ]
| 000 -LEADER | |
|---|---|
| fixed length control field | 00594nam a2200217Ia 4500 |
| 003 - CONTROL NUMBER IDENTIFIER | |
| control field | IN-BaIIA |
| 008 - FIXED-LENGTH DATA ELEMENTS--GENERAL INFORMATION | |
| fixed length control field | 211028s9999 xx 000 0 eng d |
| 020 ## - INTERNATIONAL STANDARD BOOK NUMBER | |
| International Standard Book Number | 0-412-46590-6 |
| 040 ## - CATALOGING SOURCE | |
| Transcribing agency | IIA Library |
| 080 ## - UNIVERSAL DECIMAL CLASSIFICATION NUMBER | |
| Universal Decimal Classification number | 533.5 |
| Item number | DEL-6 |
| 100 ## - MAIN ENTRY--PERSONAL NAME | |
| Personal name | Delchar, T. A |
| 9 (RLIN) | 26180 |
| 245 #0 - TITLE STATEMENT | |
| Title | Vacuum physics and techniques |
| Statement of responsibility, etc. | T. A. Delchar |
| 260 ## - PUBLICATION, DISTRIBUTION, ETC. | |
| Place of publication, distribution, etc. | London |
| Name of publisher, distributor, etc. | Chapman and Hall |
| Date of publication, distribution, etc. | 1993 |
| 300 ## - PHYSICAL DESCRIPTION | |
| Extent | ix, 253p. |
| 490 ## - SERIES STATEMENT | |
| Series statement | Physics and its applications; v. 6 |
| 650 ## - SUBJECT ADDED ENTRY--TOPICAL TERM | |
| Topical term or geographic name entry element | Kinetic theory |
| 9 (RLIN) | 2956 |
| 650 ## - SUBJECT ADDED ENTRY--TOPICAL TERM | |
| Topical term or geographic name entry element | Techniques |
| 650 ## - SUBJECT ADDED ENTRY--TOPICAL TERM | |
| Topical term or geographic name entry element | Vaccum systems |
| 9 (RLIN) | 26181 |
| 650 ## - SUBJECT ADDED ENTRY--TOPICAL TERM | |
| Topical term or geographic name entry element | Vacuum pumps |
| 9 (RLIN) | 3024 |
| 942 ## - ADDED ENTRY ELEMENTS (KOHA) | |
| Koha item type | Books |
| Withdrawn status | Lost status | Damaged status | Not for loan | Home library | Current library | Shelving location | Date acquired | Source of acquisition | Cost, normal purchase price | Total Checkouts | Full call number | Barcode | Date last seen | Date last checked out | Cost, replacement price | Price effective from | Koha item type | Purchase Price |
|---|---|---|---|---|---|---|---|---|---|---|---|---|---|---|---|---|---|---|
| IIA Library-Bangalore | IIA Library-Bangalore | General Stacks | 12/06/2002 | INT | 2055.30 | 1 | 533.5/ DEL-6 | 15591 | 19/01/2024 | 26/04/2023 | 2055.30 | 12/06/2002 | Books | Rs. 2055.30 |